Loading...
| Literature - British | 0 | 5 | 0 | 1 | 50 | 82 | 109.20 | 2 | 5 | 0.00 | 0.00 |
| Literature - American | 0 | 5 | 0 | 1 | 50 | 54 | 114.20 | 2 | 5 | 0.00 | 0.00 |
| Fine Arts - Painting and Sculpture | 0 | 4 | 0 | 1 | 40 | 73 | 105.25 | 2 | 4 | 0.00 | 0.00 |
| Fine Arts - Other | 0 | 4 | 0 | 0 | 40 | 79 | 103.25 | 1 | 4 | 0.00 | 0.00 |
| Literature - European | 0 | 4 | 1 | 1 | 35 | 88 | 123.25 | 1 | 4 | 0.00 | 0.00 |
| Fine Arts - Classical Music | 0 | 4 | 1 | 0 | 35 | 76 | 105.25 | 1 | 4 | 0.00 | 0.00 |
| Literature - World | 0 | 4 | 2 | 0 | 30 | 67 | 101.75 | 3 | 4 | 0.00 | 0.00 |
| Science - Physics | 0 | 2 | 0 | 1 | 20 | 115 | 119.50 | 0 | 2 | 0.00 | 0.00 |
| Other Academic | 0 | 2 | 0 | 1 | 20 | 100 | 106.00 | 1 | 2 | 0.00 | 0.00 |
| Philosophy | 0 | 2 | 0 | 0 | 20 | 116 | 120.50 | 0 | 2 | 0.00 | 0.00 |
| Science - Other | 0 | 2 | 0 | 1 | 20 | 98 | 120.50 | 0 | 2 | 0.00 | 0.00 |
| History - European | 0 | 2 | 1 | 1 | 15 | 126 | 128.50 | 0 | 2 | 0.00 | 0.00 |
| Mythology | 0 | 1 | 0 | 0 | 10 | 133 | 133.00 | 1 | 1 | 0.00 | 0.00 |
| Pop Culture | 0 | 1 | 0 | 0 | 10 | 16 | 16.00 | 1 | 1 | 0.00 | 0.00 |
| History - American | 0 | 1 | 0 | 1 | 10 | 135 | 135.00 | 0 | 1 | 0.00 | 0.00 |
| History - Other | 0 | 1 | 0 | 0 | 10 | 135 | 135.00 | 0 | 1 | 0.00 | 0.00 |
| History - World | 0 | 1 | 1 | 1 | 5 | 128 | 128.00 | 0 | 1 | 0.00 | 0.00 |
| Science - Biology | 0 | 0 | 0 | 0 | 0 | 0.00 | 0 | 0 | 0.00 | 0.00 | |
| Religion | 0 | 0 | 1 | 0 | -5 | 0.00 | 0 | 0 | 0.00 | 0.00 | |
| Current Events | 0 | 0 | 1 | 0 | -5 | 0.00 | 0 | 0 | 0.00 | 0.00 |